Central Library OPAC University of Rajshahi

A geography of production / (Record no. 2900)

MARC details
000 -LEADER
fixed length control field 00755cam a22002531 4500
001 - CONTROL NUMBER
control field 2900
003 - CONTROL NUMBER IDENTIFIER
rucl marc code BD-RjUL
005 - DATE AND TIME OF LATEST TRANSACTION
control field 20211208233635.0
008 - FIXED-LENGTH DATA ELEMENTS--GENERAL INFORMATION
fixed length control field 131217s1968 enkabf b 001 0 eng
035 ## - SYSTEM CONTROL NUMBER
System control number (BD-RjUL)2928
System control number (OCoLC)4635508
040 ## - CATALOGING SOURCE
Original cataloging agency DLC
Transcribing agency ILfC
Modifying agency OCoLC
-- Uk
-- DLC
-- BD-RjUL
Language of cataloging eng
041 ## - LANGUAGE CODE
Language code of text/sound track or separate title eng
082 #0 - DEWEY DECIMAL CLASSIFICATION NUMBER
Classification number 330.9
Author mark and year HUG 1968
100 1# - MAIN ENTRY--PERSONAL NAME
Personal name Hull, Oswald.
9 (RLIN) 9288
245 12 - TITLE STATEMENT
Title A geography of production /
Statement of responsibility, etc. Oswald Hull.
260 ## - PUBLICATION, DISTRIBUTION, ETC. (IMPRINT)
Place of publication, distribution, etc. London,
-- Melbourne [etc.]
Name of publisher, distributor, etc. Macmillan;
Place of publication, distribution, etc. New York,
Name of publisher, distributor, etc. St. Martin's P.,
Date of publication, distribution, etc. 1968.
300 ## - PHYSICAL DESCRIPTION
Pagination xvi, 344 p. :
Illustrations 32 plates, illus., maps. ;
Size 23 cm.
504 ## - BIBLIOGRAPHY, ETC. NOTE
Bibliography, etc Bibliography: p. 315-327.
650 #0 - SUBJECT ADDED ENTRY--TOPICAL TERM
Topical term or geographic name as entry element Economic geography.
9 (RLIN) 7860
942 ## - ADDED ENTRY ELEMENTS (KOHA)
Source of classification or shelving scheme Dewey Decimal Classification
Koha item type Books
Holdings
Lost status Source of classification or shelving scheme Damaged status Not for loan Collection code Permanent Location Current Location Shelving location Date acquired Source of acquisition Cost, normal purchase price Total Checkouts Full call number Date last seen Copy number Koha item type
  Dewey Decimal Classification   Not For Loan Non-fiction Central Library, University of Rajshahi Central Library, University of Rajshahi Reading Room 04/09/1969 Zeitlinger 40.00   330.9 HUG 1968 17/12/2013 C-1 Books